Departamento de suministros, Instituto Nacional de Aprendizaje
Spremljeno u:
| Glavni autor: | |
|---|---|
| Format: | Knjiga |
| Izdano: |
[San José , Costa Rica]
1979
|
| Oznake: |
Dodaj oznaku
Bez oznaka, Budi prvi tko označuje ovaj zapis!
|
MARC
| LEADER | 00000nam a2200000Ia 4500 | ||
|---|---|---|---|
| 003 | 002365 | ||
| 005 | 20221231144414.0 | ||
| 008 | 140114s1979 c a m 000 ||s d | ||
| 040 | |c cru CEDI | ||
| 090 | |a TFG 1448 | ||
| 100 | |a Bagnarello González, Marco Vinicio |9 15072 | ||
| 245 | |a Departamento de suministros, Instituto Nacional de Aprendizaje | ||
| 260 | |c 1979 |a [San José , Costa Rica] | ||
| 300 | |a 78[17] hojas :ilustraciones | ||
| 500 | |a Proyecto de graduación (bachiller en ingeniería industrial)--Universidad de Costa Rica. Facultad de Ingeniería. Escuela de Ingeniería Industrial | ||
| 942 | |c TFG |2 ddc | ||
| 999 | |c 21397 |d 21397 | ||
